A fabumouse vacation for Geronimo / (Record no. 472)

MARC details
000 -LEADER
fixed length control field 01477cam a2200325 a 4500
005 - DATE AND TIME OF LATEST TRANSACTION
control field 20230425140553.0
020 ## - INTERNATIONAL STANDARD BOOK NUMBER
International Standard Book Number 0439559715 (pbk.)
040 ## - CATALOGING SOURCE
Original cataloging agency EOW
Transcribing agency EOW
Modifying agency DLC
050 00 - LIBRARY OF CONGRESS CALL NUMBER
Classification number PZ7
Item number .F1195 2004
082 00 - DEWEY DECIMAL CLASSIFICATION NUMBER
Classification number 853.92
Edition number 22
100 1# - MAIN ENTRY--PERSONAL NAME
Personal name Stilton, Geronimo.
245 12 - TITLE STATEMENT
Title A fabumouse vacation for Geronimo /
Statement of responsibility, etc. Geronimo Stilton ; [illustrations by Larry Keys].
260 ## - PUBLICATION, DISTRIBUTION, ETC.
Place of publication, distribution, etc. New York :
Name of publisher, distributor, etc. Scholastic.
Date of publication, distribution, etc. 2004.
300 ## - PHYSICAL DESCRIPTION
Extent 112 pages :
Other physical details illustrations, maps ;
Dimensions 20 cm.
500 ## - GENERAL NOTE
General note "English translation... by Edizioni Piemme S.p.A."--T.p. verso.
500 ## - GENERAL NOTE
General note Includes games and handicrafts activity insert.
505 ## - FORMATTED CONTENTS NOTE
Formatted contents note H
520 ## - SUMMARY, ETC.
Summary, etc. Enter the world of Geronimo Stilton, where another funny adventure is always right around the corner. Each book is a fast-paced adventure with lively art and a unique format kids 7-10 will love.Sometimes a busy businessmouse like me needs a nice, relaxing vacation. But of all the rotten rats' luck -- every time I tried to get away, disaster struck. My aunt Dizzy Fur's mouse hole caught on fire, my office was flooded, and our printing press broke down!
521 0# - TARGET AUDIENCE NOTE
Target audience note 530 <br/>
Source Lexile
521 1# - TARGET AUDIENCE NOTE
Target audience note H <br/>
Source Raz-Plus
650 #0 - SUBJECT ADDED ENTRY--TOPICAL TERM
Topical term or geographic name entry element Mice
Form subdivision Juvenile fiction.
650 #1 - SUBJECT ADDED ENTRY--TOPICAL TERM
Topical term or geographic name entry element Mice
Form subdivision Fiction.
650 #1 - SUBJECT ADDED ENTRY--TOPICAL TERM
Topical term or geographic name entry element Vacations
Form subdivision Fiction.
650 #1 - SUBJECT ADDED ENTRY--TOPICAL TERM
Topical term or geographic name entry element Journalists
Form subdivision Fiction.
650 #1 - SUBJECT ADDED ENTRY--TOPICAL TERM
Topical term or geographic name entry element Humorous stories.
906 ## - LOCAL DATA ELEMENT F, LDF (RLIN)
a 7
b cbc
c copycat
d 2
e ncip
f 20
g y-gencatlg
942 ## - ADDED ENTRY ELEMENTS (KOHA)
Source of classification or shelving scheme Dewey Decimal Classification
Koha item type Books
Suppress in OPAC No
999 ## -
-- 472
-- 472
Holdings
Withdrawn status Lost status Source of classification or shelving scheme Damaged status Not for loan Collection Home library Current library Shelving location Date acquired Total Checkouts Full call number Barcode Date last seen Date last checked out Price effective from Koha item type
    Dewey Decimal Classification     Juvenile Fiction Footprints International School Library Network Toul Kork Campus Footprints International School Library Network Toul Kork Campus TK Primary Library Room(4th Floor), Bookcase 3&4, Shelves 17-32, Yellow Books 04/25/2023 2 DAM 853.92 PZ7.F1195 FISTK00399 04/03/2026 03/20/2026 04/25/2023 Books